000 00516nam a2200205 a 4500
001 BRCA_6714
005 20190320205549.0
008 191011s1910----gw-#######---#000-0#ger-#
041 _ager
044 _agw
050 4 _aAC35
_b.K46 1910
100 1 _aKemmerich, Max
_d1876-
_916775
245 1 0 _aDinge, die man nicht sagt
_cvon Max Kemmerich.
260 _aMĂșnich
_bAlbert Langen
_cc1910
300 _a227 p.
_c18 cm.
500 _aL34
650 1 4 _aLiteratura Alemana
_96160
902 _aGFM
942 _2lcc
_cB
999 _c6397
_d6397